Explorando las nuevas fronteras del turismo: perspectivas de la investigación en turismo
Guardat en:
| Autor principal: | |
|---|---|
| Altres autors: | , , |
| Format: | Llibre |
| Idioma: | anglès espanyol |
| Matèries: | |
| Etiquetes: |
Afegir etiqueta
Sense etiquetes, Sigues el primer a etiquetar aquest registre!
|
MARC
| LEADER | 00000nam a22000007a 4500 | ||
|---|---|---|---|
| 003 | CL-VaPUC | ||
| 005 | 20250310094956.0 | ||
| 008 | 200318b ||||| |||| 00| 0 eng d | ||
| 999 | |c 422779 |d 422777 | ||
| 040 | |c Pontificia Universidad Católica de Valparaíso | ||
| 041 | 0 | |a spa | |
| 041 | 0 | |a eng | |
| 041 | 0 | |a fra | |
| 082 | 0 | 4 | |2 21 |a 338.4791 BOU 2012 |
| 100 | 1 | |a Bourlon, Fabien |e compilador |9 737697 | |
| 245 | 1 | 0 | |a Explorando las nuevas fronteras del turismo: perspectivas de la investigación en turismo |
| 246 | 1 | 0 | |a Exploring the new frontiers of tourism: tourism research perspectives |
| 246 | 1 | 0 | |a En explorant, les nouvelles frontieres du tourisme: perspectives de la recherche en tourisme |
| 300 | |a 303 páginas | ||
| 583 | |c 20200318 |k Daniel Castañeda | ||
| 650 | 0 | 0 | |a Turismo |9 308920 |
| 650 | 0 | 0 | |a Industria turística |9 347913 |
| 700 | 1 | |a Osorio, Mauricio |9 737698 | |
| 700 | 1 | |a Mao, Pascal |9 737699 | |
| 700 | 1 | |a Gale, Trace |9 737700 | |
| 942 | |2 ddc |c BK | ||
| 952 | |0 0 |1 0 |2 ddc |4 0 |6 338_479100000000000_BOU_2012 |7 0 |8 A |9 561661 |a BIBING |b BIBING |c GEN |d 2020-03-18 |i 5618037 |o 338.4791 BOU 2012 |p 5618037 |r 2025-01-20 |t 1 |w 2020-03-18 |y BK |k GEO | ||